000 00917nam a22003017a 4500
003 CHAP
005 20220329143731.0
008 110503s1984 mx r 00010 spa d
010 _a101112
011 _a102084
035 _a112772
040 _cCHAP
082 0 4 _a581.634
_bG15
100 1 _aGali, Hero
_944237
245 1 0 _aHierbas y contrahierbas
_c/por Hero Gali
260 _aMéxico, D. F. :
_bGómez Gómez Hnos.,
_c[1984]
300 _a96 p.
590 _aBATCH-UPD
_b10
_c20130110
_lUCH01
_h1138
590 _aBATCH-UPD
_b10
_c20130410
_lUCH01
_h0724
590 _aBATCH-UPD
_b10
_c20130914
_lUCH01
_h0744
590 _aCONVERSION
_b10
_c20130109
_lUCH01
_h1356
650 1 4 _aBotánica médica.
_914680
650 1 4 _aMedicina alternativa.
_973914
650 1 4 _aMedicina tradicional.
_973921
901 _aBK
942 _cLIBRO
949 _a581.634 G15
_bBC
_cLIBRO
_d33724002254355
_eLIBRO
_h114828
_i112772
_sb
999 _c101112
_d101112